Borofloat, BK7 és B270 optikai üvegminták ablációja és tranziens reflexió-növekedésének vizsgálata ultrarövid lézerimpulzusokkal

Elmentve itt :
Bibliográfiai részletek
Szerző: Andrásik Attila
További közreműködők: Budai Judit (Témavezető)
Hopp Béla (Témavezető)
Dokumentumtípus: Disszertáció
Megjelent: 2023-06-23
Tárgyszavak:
doi:10.14232/phd.11450

mtmt:35119701
Online Access:http://doktori.ek.szte.hu/11450
LEADER 01376nta a2200253 i 4500
001 dokt11450
005 20240711115400.0
008 220902s2023 hu om 000 hun d
024 7 |a 10.14232/phd.11450  |2 doi 
024 7 |a 35119701  |2 mtmt 
040 |a SZTE Doktori Repozitórium  |b hun 
041 |a hun 
100 1 |a Andrásik Attila 
245 1 0 |a Borofloat, BK7 és B270 optikai üvegminták ablációja és tranziens reflexió-növekedésének vizsgálata ultrarövid lézerimpulzusokkal  |h [elektronikus dokumentum] /  |c  Andrásik Attila 
246 1 0 |a Ablation and investigation of transient-reflectivity enhancements of Borofloat, BK7 and B270 optical glass samples by ultrashort laser pulses  |h [elektronikus dokumentum] 
260 |c 2023-06-23 
502 |a Disszertacio 
650 4 |a fizikai tudományok 
650 4 |a Lézerek, ultrarövid lézerek és lézerfizika 
700 0 1 |a Budai Judit  |e ths 
700 0 1 |a Hopp Béla  |e ths 
856 4 0 |u https://doktori.bibl.u-szeged.hu/id/eprint/11450/1/Doktori_%C3%A9rtekez%C3%A9s_Andr%C3%A1sikAttila.pdf  |z Dokumentum-elérés  
856 4 0 |u https://doktori.bibl.u-szeged.hu/id/eprint/11450/3/Doktori_%C3%A9rtekez%C3%A9s_t%C3%A9zisei_magyar_Andr%C3%A1sikAttila.pdf  |z Dokumentum-elérés  
856 4 0 |u https://doktori.bibl.u-szeged.hu/id/eprint/11450/2/Doktori_%C3%A9rtekez%C3%A9s_t%C3%A9zisei_angol_Andr%C3%A1sikAttila.pdf  |z Dokumentum-elérés